Financial sector reforms in Asian and Latin American countries (Бичлэгийн дугаар. 144365)
| 000 -УДИРДЛАГА | |
|---|---|
| Удирдлага | 00833nam a22002417a 4500 |
| 003 - ХЯНАЛТЫН ТОО ТОДОРХОЙЛОГЧ | |
| Код | MN-UlNUM |
| 005 - БИЧИЛТ ХИЙСЭН ОГНОО | |
| Тухайн бичилтийг бичсэн засварласан сүүлийн огноо | 20250924171419.0 |
| 008 - ЕРӨНХИЙ МЭДЭЭЛЭЛ | |
| Ерөнхий мэдээлэл | 250924s1993 dcu||||| |||| 001 | eng d |
| 020 ## - ISBN | |
| ISBN | 0821325183 |
| -- | 9780821325186 |
| 040 ## - БИЧЛЭГ ҮҮСГЭГЧ БАЙГУУЛЛАГА | |
| Бичлэг үүсгэгч номын сангийн код | МУИС-ийн номын сан |
| 084 ## - ББК АНГИЛАЛ | |
| Нэмэлт тусгалт | Эрдэм шинжилгээний хурлын эмхэтгэл |
| ББК ангилал | 65.053 |
| Зохиогчийн гурван тэмдэгт | F 54 |
| Мэдлэгийн ялгаа | 65 - Эдийн засаг |
| 240 ## - Шифр - Номын наалт, тайланд хэрэглэх | |
| Ангилалын дугаар /Зохиогчийн 3 тэмдэгт | 65.053 F 54 |
| 245 ## - ҮНДСЭН ГАРЧИГ | |
| Номын нэр | Financial sector reforms in Asian and Latin American countries |
| Бага гарчгийн мэдээ | lessons of comparative experience |
| Оролцогчдын тухай мэдээ | edited by Shakil Faruqi ; contributors, Gerard Caprio, Jr. ... [et al.] |
| 260 ## - ГАРАЛТЫН МЭДЭЭ | |
| Хэвлэгдсэн газар | Washington, D.C. |
| Хэвлэлийн газар | World Bank |
| Хэвлэгдсэн он | 1993 |
| 300 ## - МАТЕРИАЛЫН ТОДОРХОЙЛОЛТ | |
| хуудасны тоо | viii, 268 p. ; |
| Хэмжээ | 28 cm |
| 490 ## - БОТЬ / ЦУВРАЛЫН ТУХАЙ МЭДЭЭ | |
| Боть / цувралын дугаар | EDI seminar series |
| 500 ## - Тайлбар | |
| Дансны дугаар | БС 1555 |
| 546 ## - ХЭЛНИЙ ТУХАЙ МЭДЭЭ | |
| Хэл | Англи хэл дээр, |
| 653 ## - Түлхүүр үг | |
| Түлхүүр үг | Financial institutions $z Asia $x Congresses |
| 653 ## - Түлхүүр үг | |
| Түлхүүр үг | Financial institutions $z Latin America $x Congresses. |
| 942 ## - ЭЛЕМЕНТИЙН ТӨРӨЛ | |
| Зүйлийн төрөл | Ном |
